Online Catalogue and eLibrary

New Verse (Record no. 3336)

MARC details
000 -LEADER
fixed length control field 00353nam a2200157Ia 4500
005 - DATE AND TIME OF LATEST TRANSACTION
control field 20241016032958.0
008 - FIXED-LENGTH DATA ELEMENTS--GENERAL INFORMATION
fixed length control field 240331s9999 xx 000 0 und d
020 ## - INTERNATIONAL STANDARD BOOK NUMBER
ISBN
082 ## - DDC Classification
Item Number - Author Mark AMI
Class No. 821
100 ## - MAIN ENTRY--PERSONAL NAME
Personal name Amirthanayagam, G
245 #0 - TITLE STATEMENT
Title New Verse
260 ## - PUBLICATION, DISTRIBUTION, ETC.
Place of publication, distribution, etc. Colombo
Name of publisher, distributor, etc. North End House
Date of publication, distribution, etc. 1990
300 ## - PHYSICAL DESCRIPTION
Extent (e.g. Volumes, Pages etc.) 247 p .,
650 ## - SUBJECT ADDED ENTRY--TOPICAL TERM
Topical term or geographic name entry element Poems
942 ## - Koha item type (Biblio)
Koha item type Books in Stacks (Lending)
Holdings
Lost status Damaged status Collection code Home library Current library Shelving location Date acquired Full call number Accession Number Item type
    Lending WERC Library WERC Library Social Science Cupboard 03/31/2024 821 AMI 61 Books in Stacks (Lending)

© WERC Library